000 00729nam a2200253Ia 4500
003 OSt
005 20221005083346.0
006 a|||||r|||| 00| 0
007 ta
008 221004b |||||||| |||| 00| 0 eng d
024 _a27276
037 _cTextual
040 _aCRL
_cCRL
_beng
041 _2eng
_aeng
082 _aAwM63, N4
100 _aSehgal Narender K Ed.
_9612535
245 0 _aMemoirs of Ruchi Ram Sahni
_b Pioneer of science popularisation in Punjab
260 _aNew Delhi
_bVigyan
_c1994
300 _a191p
_ccm.
650 _aSCIENCE
700 _a Mahanti Subodh Ed.
_9612536
942 _hAwM63, N4
_cTEXL
_2cc
999 _c990751
_d990751